Statistics for Europes most populated cities outside its 25 most populated countries

Click here to take the quiz!

General Stats

  • This quiz has been taken 31 times
  • The average score is 13 of 20

Answer Stats

PopAnswer% Correct
643615Riga
93%
418495Tirana
90%
527930Vilnius
87%
395922Tallinn
87%
369534Sarajevo
87%
688163Zagreb
83%
643463Oslo
83%
491000Skopje
83%
527612Dublin
80%
674500Chisinau
80%
274826Ljubljana
80%
185937Podgorica
80%
145149Pristina
67%
167121Split
60%
271949Bergen
53%
307498Kaunas
37%
182035Trondheim
30%
158891Klaipeda
23%
150997Banja Luka
20%
144900Balti
3%

Score Distribution

Percentile by Number Answered

Percent of People with Each Score

Your Score History

You have not taken this quiz